| 000 | 00761nam a2200217 a 4500 | ||
|---|---|---|---|
| 001 | BRCA_1654 | ||
| 005 | 20190320203507.0 | ||
| 008 | 930301s1986 sp-a---##b---#001-0#spa-d | ||
| 020 | _a8486127378 | ||
| 040 |
_aNN _cNN _dDLC |
||
| 050 | 4 |
_aND813 _b.R63 1986 |
|
| 100 | 1 |
_aRodríguez González, Margarita _92579 |
|
| 245 | 1 | 0 |
_aLa pintura en Canarias durante el siglo XVIII _cMargarita Rodríguez González. |
| 260 |
_aLas Palmas, Madrid _bCabildo Insular de Gran Canaria _c1986 |
||
| 300 |
_a593 p. _bil. (algunas a color) _c21 cm. |
||
| 500 | _aIncluye índice alfabético | ||
| 504 | _aBibliografía : p. 499-520 | ||
| 650 | 1 | 4 |
_aPintura española _ySiglo XVIII _zCanary Islands _95159 |
| 650 | 1 | 4 |
_aPintores _vBiografías _zCanary Islands _95160 |
| 942 |
_2lcc _cB |
||
| 999 |
_c1452 _d1452 |
||